000 00591nam a22002177a 4500
005 20251108164018.0
008 250721s1995 xx 000 0 ara d
082 1 4 _a320.4/تل
100 1 _aالتل، سعيد
245 1 0 _aكتابات سياسية /
264 1 _aعمان :
_bدار الفكر،
_c1995.
300 _a421ص.
650 1 7 _aالعلوم السياسية
650 1 7 _aالمقالات
650 1 7 _aالأردن
650 1 7 _aالعلاقات الدولية
650 1 7 _aفلسطين
650 1 7 _aتاريخ الأردن
942 _2ddc
_cBK
999 _c1400
_d1400